[Event "AUS-ch U12"]
[Site "Adelaide"]
[Date "2003.01.14"]
[Round "3"]
[White "Ikeda, Junta"]
[Black "Thompson, Cameron"]
[Result "1-0"]
[WhiteElo "1400"]
[BlackElo "1191"]
[PlyCount "75"]
[EventDate "2003.01.??"]
[EventType "swiss"]
[EventRounds "11"]
[EventCountry "AUS"]
[SourceTitle "EXT 2006"]
[Source "ChessBase"]
[SourceDate "2005.11.24"]
[SourceVersion "1"]
[SourceVersionDate "2005.11.24"]
[SourceQuality "1"]

1. d4 d5 2. Nf3 e6 3. Bf4 f5 4. e3 Nf6 5. c4 c6 6. Nc3 Bd6 7. Bg3 0-0 8. Bd3 Qe7 9. Qe2 b6 10. 0-0 Nbd7 11. cxd5 cxd5 12. Rac1 Ne4 13. Bxd6 Qxd6 14. Nb5 Qe7 15. Nd2 Bb7 16. f3 Nef6 17. f4 Rf7 18. Nf3 h6 19. Rc7 Ba6 20. Ne5 Rff8 21. Ng6 Qd8 22. Nxf8 Bxb5 23. Nxe6 Bxd3 24. Qxd3 Qe7 25. Rc6 Ne4 26. Nc7 Rf8 27. Nxd5 Qh4 28. Nc3 Ndf6 29. Nxe4 fxe4 30. Qe2 Ng4 31. g3 Qh5 32. Rc3 g5 33. Qg2 Kh8 34. h3 Nf6 35. g4 Qf7 36. fxg5 b5 37. Rc6 Qe7 38. Qg3 1-0

[Event "AUS-ch U12"]
[Site "Adelaide"]
[Date "2003.01.13"]
[Round "1"]
[White "Kentwell, Bren"]
[Black "Thompson, Cameron"]
[Result "0-1"]
[WhiteElo "503"]
[BlackElo "1191"]
[PlyCount "78"]
[EventDate "2003.01.??"]
[EventType "swiss"]
[EventRounds "11"]
[EventCountry "AUS"]
[SourceTitle "EXT 2006"]
[Source "ChessBase"]
[SourceDate "2005.11.24"]
[SourceVersion "1"]
[SourceVersionDate "2005.11.24"]
[SourceQuality "1"]

1. e4 g6 2. Bc4 Bg7 3. d3 d6 4. Nc3 Nf6 5. Bg5 Nbd7 6. Nf3 0-0 7. Nd5 e6 8. Nxf6+ Nxf6 9. Qd2 Qe7 10. h4 Qd7 11. Bxf6 Bxf6 12. h5 a5 13. hxg6 fxg6 14. Qh6 Qg7 15. Qxg7+ Kxg7 16. c3 Rb8 17. Nd4 Re8 18. f4 e5 19. fxe5 Bxe5 20. Nb5 c6 21. d4 Bg3+ 22. Ke2 cxb5 23. Bxb5 Bg4+ 24. Kd3 Rf8 25. Rhf1 h5 26. b4 axb4 27. cxb4 Ra8 28. Rxf8 Rxf8 29. d5 Rf2 30. Bc6 bxc6 31. dxc6 Kf6 32. a4 Rb2 33. Rf1+ Ke7 34. Ra1 Rxb4 35. a5 Be5 36. Ra2 Bc8 37. a6 Rb8 38. Kc4 Ra8 39. a7 Be6+ 0-1